Statistics for 20 largest cities in Italy (with photos)

Click here to take the quiz!

General Stats

  • This quiz has been taken 94 times
  • The average score is 14 of 20

Answer Stats

Answer% Correct
Milan
100%
Rome
99%
Turin
98%
Naples
97%
Venice
97%
Florence
95%
Genoa
89%
Palermo
88%
Bologna
81%
Bari
76%
Verona
74%
Catania
67%
Parma
64%
Trieste
60%
Modena
51%
Padua
49%
Brescia
48%
Messina
45%
Taranto
34%
Prato
19%

Score Distribution

Percentile by Number Answered

Percent of People with Each Score

Your Score History

You have not taken this quiz